000 00589nam a22002057a 4500
005 20150731121431.0
010 _aENG-113133
020 _a9788170494157
_c695.00
035 _aEN-96665
037 _bDBAD/PUB
082 _a331
100 _aGhosh, Ajit Kumar
245 _aIndustrial relations :
_cby Ajit Kumar Ghosh
_btext and cases /
250 _a.
260 _aNew Delhi
_bManas Publications
_c2011
270 _a4402/5-A, Ansari Road, Darya Ganj,
_bNew Delhi
_e110002
300 _a432p.
_c24cm(Hb)
500 _aIncludes index
942 _2ddc
_cEN
_mGHO
_h331
999 _c93795
_d93795